Chronicles of the firm of Widnell and Trollope, chartered quantity surveyors (Record no. 107656)

MARC details
000 -LEADER
fixed length control field 00776cam a22002055a 4500
001 - CONTROL NUMBER
control field L141424
008 - FIXED-LENGTH DATA ELEMENTS--GENERAL INFORMATION
fixed length control field 071122s1974 xxk f 000 0 eng d
035 ## - SYSTEM CONTROL NUMBER
System control number (Sirsi) u141424
041 0# - LANGUAGE CODE
Language code of text/sound track or separate title eng
050 04 - LIBRARY OF CONGRESS CALL NUMBER
Classification number 920 $2 18
100 1# - MAIN ENTRY--PERSONAL NAME
Personal name Harris, Alfred
245 00 - TITLE STATEMENT
Title Chronicles of the firm of Widnell and Trollope, chartered quantity surveyors
Remainder of title volume one, 1852-1919
260 ## - PUBLICATION, DISTRIBUTION, ETC.
Place of publication, distribution, etc. S.l.
Name of publisher, distributor, etc. s.n.
Date of publication, distribution, etc. 1974
300 ## - PHYSICAL DESCRIPTION
Extent 24 p.
Dimensions 26 cm.
520 ## - SUMMARY, ETC.
Summary, etc. Sets out a history of the firm of Widnell and Trollope, including details of some of the jobs on which they worked. Clients included the Admiralty, the War Department and the Ministry of Works.
651 #4 - SUBJECT ADDED ENTRY--GEOGRAPHIC NAME
Geographic name United Kingdom
Chronological subdivision
690 ## - LOCAL SUBJECT ADDED ENTRY--TOPICAL TERM (OCLC, RLIN)
Topical term or geographic name as entry element ABOUT RICS-RICS MEMBERS-CHARTERED SURVEYORS
700 1# - ADDED ENTRY--PERSONAL NAME
Personal name Blake, David
Relator term Editor
942 ## - ADDED ENTRY ELEMENTS (KOHA)
Suppress in OPAC 0
Holdings
Withdrawn status Lost status Source of classification or shelving scheme Damaged status Not for loan Home library Current library Shelving location Date acquired Total Checkouts Full call number Barcode Date last seen Copy number Price effective from Koha item type
    Dewey Decimal Classification     London London Reference copy 22/11/2007   920 HAR 30074463 06/08/2019 1 06/08/2019 Book